[Event "Stockholm"]
[Site "Stockholm"]
[Date "1991.??.??"]
[Round "?"]
[White "Ziegler, Ari"]
[Black "Hultin, Johan"]
[Result "1/2-1/2"]
[WhiteElo "2275"]
[BlackElo "2235"]
[PlyCount "87"]
[EventDate "1991.??.??"]
[Source "www.chesslib.no"]
[SourceDate "2004.05.04"]

1. d4 f5 2. g3 Nf6 3. Bg2 e6 4. Nh3 Be7 5. O-O O-O 6. c4 d5 7. b3 c6 8. Ba3 Bxa3 9. Nxa3 Ne4 10. Qd3 Nd7 11. Rad1 Ndf6 12. Nb1 b6 13. f3 Nd6 14. Nd2 Bb7 15. e4 fxe4 16. fxe4 dxe4 17. Nxe4 Ndxe4 18. Bxe4 Qd7 19. Bg2 Rad8 20. Qe2 Rfe8 21. Rfe1 Bc8 22. Nf4 Qd6 23. Qe5 Kf7 24. Nd3 Bb7 25. c5 Qe7 26. Qe2 Kg8 27. Nf4 Kf7 28. Bh3 Bc8 29. Qf3 Qc7 30. b4 bxc5 31. bxc5 Re7 32. Re2 Rde8 33. Nd3 Kg8 34. Nf4 Nd5 35. Rde1 Nxf4 36. gxf4 g6 37. Re5 Qb7 38. Qe3 Qb2 39. a3 Kg7 40. Re4 Kh8 41. Re2 Qb1+ 42. Bf1 Rb7 43. Re1 Qa2 44. Re2 1/2-1/2

[Event "otb"]
[Site "otb"]
[Date "2007.02.14"]
[Round "5"]
[White "Nikolaev Vadim S"]
[Black "Yerastov Alexey"]
[Result "0-1"]
[WhiteElo "2246"]
[BlackElo "2253"]
[PlyCount "102"]
[Source "www.chesslib.no"]
[SourceDate "2004.05.04"]

1. d4 f5 2. g3 Nf6 3. Bg2 e6 4. Nh3 Be7 5. O-O O-O 6. c4 d6 7. Nc3 c6 8. Nf4 e5 9. dxe5 dxe5 10. Nd3 Qc7 11. b3 Rd8 12. Qc2 e4 13. Nf4 Na6 14. a3 Ng4 15. b4 Bf6 16. Bh3 Qf7 17. Bxg4 fxg4 18. c5 Bf5 19. Be3 g5 20. Ng2 Qc4 21. Rac1 Bg6 22. Qb1 Nc7 23. Qa2 Qxa2 24. Nxa2 a5 25. Nc3 axb4 26. axb4 Ra3 27. Nb1 Rb3 28. Nd2 Rxb4 29. Rb1 Rxb1 30. Rxb1 Nb5 31. Kf1 h6 32. Ne1 Bc3 33. Nc4 Bf7 34. Nb6 Na3 35. Rc1 Bb2 36. Rc2 Nxc2 37. Nxc2 Rd1+ 38. Kg2 Bc1 39. Nd4 Bxe3 40. fxe3 Rc1 41. Nd7 Kh8 42. Kf2 h5 43. Nf6 Rxc5 44. Nxe4 Re5 45. Nd6 Re7 46. N4f5 Rd7 47. e4 Be6 48. Ke3 Bxf5 49. Nxf5 Kg8 50. e5 Kf7 51. Nd4 Rxd4 0-1

[Event "Open Nederlands Kampioenschap"]
[Site "?"]
[Date "2004.07.31"]
[Round "5"]
[White "Hofland Leonard"]
[Black "Gouw Carol Peter"]
[Result "1/2-1/2"]
[WhiteElo "2305"]
[BlackElo "2189"]
[PlyCount "34"]
[EventDate "2004.??.??"]
[Source "www.chesslib.no"]
[SourceDate "2004.05.04"]

1. d4 f5 2. g3 Nf6 3. Bg2 e6 4. Nh3 c6 5. O-O d5 6. Nf4 Bd6 7. Nd3 O-O 8. Nd2 b6 9. Nf3 Bb7 10. Bf4 Ne4 11. Bxd6 Nxd6 12. Nfe5 Nd7 13. Nxd7 Qxd7 14. Ne5 Qe7 15. e3 Nf7 16. Nxf7 Rxf7 17. f4 c5 1/2-1/2

[Event "Open A"]
[Site "Arco di Trento ITA"]
[Date "2008.10.18"]
[Round "1"]
[White "Grigore, George-Gabri"]
[Black "Orlandi, Stefano"]
[Result "1-0"]
[WhiteElo "2519"]
[BlackElo "1965"]
[PlyCount "93"]
[EventDate "2008.10.18"]
[Source "www.chesslib.no"]
[SourceDate "2004.05.04"]

1. d4 f5 2. g3 Nf6 3. Bg2 e6 4. Nh3 Be7 5. c4 O-O 6. O-O d6 7. Nc3 e5 8. b3 c6 9. Bb2 h6 10. d5 c5 11. f4 Ng4 12. Qd2 e4 13. Nd1 Bf6 14. Rb1 Bxb2 15. Rxb2 Nd7 16. Nhf2 Nxf2 17. Rxf2 Nf6 18. Ne3 Qe8 19. Rf1 h5 20. Bh3 Ng4 21. Bxg4 hxg4 22. a3 Bd7 23. Rfb1 Qe7 24. b4 b6 25. a4 g5 26. bxc5 gxf4 27. gxf4 dxc5 28. a5 Qd6 29. Ng2 Rab8 30. axb6 axb6 31. Qc3 Rfe8 32. h3 gxh3 33. Qxh3 Re7 34. Rb3 Rh7 35. Qc3 Rg7 36. Kf2 Qg6 37. Qh3 Kf7 38. Rh1 Rbg8 39. Ne3 Qd6 40. Qh5+ Ke7 41. Nxf5+ Bxf5 42. Qxf5 Qg6 43. Qxg6 Rxg6 44. Rh7+ Kd8 45. Ra3 R8g7 46. Rh8+ Ke7 47. Ra7+ 1-0

[Event "ITA-chT UISP"]
[Site "Montecatini Terme"]
[Date "1996.??.??"]
[Round "6"]
[White "Genovese, Maurizio"]
[Black "Corvi, Marco"]
[Result "1/2-1/2"]
[WhiteElo "2265"]
[BlackElo "2215"]
[PlyCount "106"]
[EventDate "1996.??.??"]
[Source "www.chesslib.no"]
[SourceDate "2004.05.04"]

1. d4 f5 2. g3 Nf6 3. Bg2 e6 4. Nh3 d5 5. O-O c6 6. Nd2 Bd6 7. Nf3 O-O 8. Bf4 Be7 9. Be5 Ne4 10. Nf4 g5 11. Nd3 Nd7 12. Nd2 Nd6 13. e3 Nf7 14. f4 Qe8 15. Qh5 Nfxe5 16. Qxe8 Rxe8 17. Nxe5 Nxe5 18. fxe5 b6 19. Rac1 Ba6 20. Rfd1 Rac8 21. c4 Rf8 22. a3 Kf7 23. Rc3 Rfd8 24. cxd5 cxd5 25. Rdc1 Rxc3 26. Rxc3 Rc8 27. Rxc8 Bxc8 28. Bf1 Bd7 29. Kf2 Ke8 30. Bd3 h6 31. Nf1 Ba4 32. Nd2 Kd7 33. Nb1 Kd8 34. Nc3 Be8 35. h3 h5 36. Ne2 Kc7 37. Ng1 Ba4 38. Ke2 Be8 39. Nf3 g4 40. Ng1 h4 41. Kf2 Bg5 42. Ne2 gxh3 43. gxh4 h2 44. Kg2 Bxe3 45. Kxh2 Bh5 46. Nc3 Kd8 47. Be2 Be8 48. Kg3 Bxd4 49. Kf4 Ke7 50. h5 Bf7 51. h6 Bg6 52. Bh5 Bh7 53. Nb5 Bf2 1/2-1/2

[Event "Issy Les Moulineaux"]
[Site "?"]
[Date "2005.05.05"]
[Round "2"]
[White "Onkoud Abdelaziz"]
[Black "Rabineau Clement"]
[Result "1-0"]
[WhiteElo "2309"]
[BlackElo "2156"]
[PlyCount "87"]
[EventDate "2005.??.??"]
[Source "www.chesslib.no"]
[SourceDate "2004.05.04"]

1. d4 f5 2. g3 Nf6 3. Bg2 e6 4. Nh3 Be7 5. O-O O-O 6. c4 c6 7. Nc3 d6 8. b3 Qc7 9. Bb2 e5 10. d5 h6 11. e3 c5 12. f4 e4 13. Nf2 h5 14. Qe2 g6 15. h4 Ng4 16. Nh3 Bf6 17. Nb5 Qe7 18. Bxf6 Nxf6 19. Rfd1 Na6 20. a3 Bd7 21. Bf1 Bxb5 22. cxb5 Nc7 23. Qd2 Kg7 24. Bc4 b6 25. Ng5 a6 26. bxa6 b5 27. Qa5 bxc4 28. Qxc7 Qxc7 29. Ne6+ Kf7 30. Nxc7 cxb3 31. Nxa8 Rxa8 32. Rab1 c4 33. Rdc1 Nxd5 34. Rxc4 Nxe3 35. Ra4 Nc2 36. Rxb3 e3 37. Kf1 d5 38. Rc3 d4 39. Rxc2 d3 40. Rc7+ Ke6 41. Rd4 d2 42. a7 g5 43. Rcd7 gxf4 44. gxf4 1-0

[Event "NM"]
[Site "?"]
[Date "1998.07.??"]
[Round "9"]
[White "Johannessen Leif Erlend"]
[Black "Bae Torstein"]
[Result "0-1"]
[WhiteElo "2290"]
[BlackElo "2175"]
[PlyCount "68"]
[EventDate "1998.??.??"]
[Source "www.chesslib.no"]
[SourceDate "2004.05.04"]

1. d4 f5 2. g3 Nf6 3. Bg2 e6 4. Nh3 Be7 5. O-O O-O 6. c4 c6 7. b3 d6 8. Bb2 Qc7 9. Nd2 e5 10. dxe5 dxe5 11. Qc2 h6 12. Qc3 Nbd7 13. a3 Rb8 14. Rad1 g5 15. Kh1 c5 16. f4 exf4 17. gxf4 g4 18. Nf2 b6 19. Bd5+ Kh7 20. e4 Nh5 21. Nd3 Bf6 22. e5 Be7 23. Kg1 Bb7 24. Rfe1 Bc6 25. Nf1 b5 26. Ne3 bxc4 27. bxc4 Nb6 28. Ba1 Rfd8 29. Qc1 Bxd5 30. cxd5 Nxd5 31. Nxd5 Rxd5 32. Nb4 Rxd1 33. Rxd1 Nxf4 34. e6 Ne2+ 0-1

[Event "Caorle Open"]
[Site "Caorle ITA"]
[Date "1982.??.??"]
[Round "8"]
[White "Sandic, Vladeta"]
[Black "Pavlovic, Slobodan"]
[Result "1/2-1/2"]
[WhiteElo "2135"]
[BlackElo "2315"]
[PlyCount "108"]
[EventDate "1982.07.??"]
[Source "www.chesslib.no"]
[SourceDate "2004.05.04"]

1. d4 f5 2. g3 Nf6 3. Bg2 e6 4. Nh3 Be7 5. O-O O-O 6. c4 d6 7. Nc3 Qe8 8. Re1 e5 9. dxe5 dxe5 10. e4 fxe4 11. Nxe4 Nxe4 12. Qd5+ Qf7 13. Qxf7+ Kxf7 14. Rxe4 Nc6 15. Ng5+ Kg8 16. Re1 h6 17. Bd5+ Kh8 18. Nf3 Bb4 19. Bd2 Bg4 20. Bxb4 Rxf3 21. Bxf3 Bxf3 22. Bc3 e4 23. Re3 Rd8 24. Rae1 Rd7 25. Rxe4 Bxe4 26. Rxe4 a5 27. a3 Kh7 28. Kf1 b6 29. Ke2 a4 30. h4 Nd8 31. Bb4 c5 32. Bd2 Nf7 33. Bf4 g5 34. hxg5 hxg5 35. Bd2 Kg7 36. Kd1 Kf6 37. Kc2 Kf5 38. f3 Nd6 39. Rg4 Rg7 40. b3 axb3+ 41. Kxb3 Rg6 42. a4 Rg7 43. a5 bxa5 44. Ka4 Rg8 45. Kxa5 Nf7 46. Re4 Nd6 47. Rg4 Nf7 48. Re4 Nd6 49. Rg4 Nf7 50. Kb5 Rd8 51. Be3 Rd3 52. Bxg5 Nxg5 53. Rf4+ Ke5 54. Rg4 Kf5 1/2-1/2

[Event "Baden Ch MA"]
[Site "Hockenheim GER"]
[Date "1994.??.??"]
[Round "6"]
[White "Ketterer, Christian"]
[Black "Preiss, Martin"]
[Result "1/2-1/2"]
[WhiteElo "2175"]
[BlackElo "2240"]
[PlyCount "84"]
[EventDate "1994.??.??"]
[Source "www.chesslib.no"]
[SourceDate "2004.05.04"]

1. d4 f5 2. g3 Nf6 3. Bg2 e6 4. Nh3 Be7 5. O-O O-O 6. c4 d6 7. Nc3 Qe8 8. Nf4 c6 9. e4 fxe4 10. Nxe4 e5 11. dxe5 dxe5 12. Ne2 Nxe4 13. Bxe4 Bh3 14. Bg2 Bxg2 15. Kxg2 Qf7 16. Qc2 Qf3+ 17. Kg1 Na6 18. Nc3 Bc5 19. a3 Bd4 20. Ne4 Nc5 21. Nxc5 Bxc5 22. b4 Bd4 23. Rb1 Rad8 24. Bb2 h5 25. Bxd4 exd4 26. Qd1 Qf5 27. h4 Rfe8 28. Qd2 d3 29. Rbe1 Qf3 30. c5 Re2 31. Rxe2 Qxe2 32. Rd1 Rd4 33. Kg2 Qe4+ 34. f3 Qd5 35. Rc1 Rc4 36. Rxc4 Qxc4 37. Kf2 Qd4+ 38. Qe3 Qb2+ 39. Ke1 Qb1+ 40. Kd2 Qc2+ 41. Ke1 Qc3+ 42. Kd1 Qc2+ 1/2-1/2

[Event "17th ch-EU U16 Boys"]
[Site "Sibenik CRO"]
[Date "2007.09.21"]
[Round "8"]
[White "Balazs, G2."]
[Black "Gevorkian, D."]
[Result "1/2-1/2"]
[WhiteElo "2305"]
[BlackElo "2096"]
[PlyCount "82"]
[EventDate "2007.09.14"]
[Source "www.chesslib.no"]
[SourceDate "2004.05.04"]

1. d4 f5 2. g3 Nf6 3. Bg2 e6 4. Nh3 c6 5. c4 Be7 6. O-O O-O 7. Nd2 d6 8. e4 e5 9. dxe5 dxe5 10. exf5 Bxf5 11. Ng5 Nbd7 12. Nge4 Nc5 13. Qe2 Ne6 14. Nxf6+ Bxf6 15. Ne4 Nd4 16. Qd1 Qd7 17. Be3 Rad8 18. Bxd4 exd4 19. Qd3 Be7 20. Rae1 Bb4 21. Re2 Bg4 22. f3 Be6 23. Rd1 h6 24. Nf2 Qf7 25. b3 Bf5 26. Ne4 Rfe8 27. Bh1 Qg6 28. Bg2 Bxe4 29. Rxe4 Rxe4 30. fxe4 Be7 31. Rf1 Bg5 32. Rf5 Be3+ 33. Kh1 Rf8 34. Bf3 Qd6 35. c5 Qe7 36. Qc4+ Kh8 37. Rxf8+ Qxf8 38. Kg2 Qd8 39. Be2 Qf6 40. Bf3 Qd8 41. Be2 Qf6 1/2-1/2

[Event "Snekkersten"]
[Site "Snekkersten"]
[Date "1977.??.??"]
[Round "2"]
[White "Carlsson, Gerner"]
[Black "Larsen, Ole"]
[Result "1/2-1/2"]
[WhiteElo "2200"]
[BlackElo "2200"]
[PlyCount "48"]
[EventDate "1977.??.??"]
[Source "ChessBase"]

1. d4 f5 2. g3 Nf6 3. Bg2 e6 4. Nh3 Be7 5. O-O O-O 6. c4 d6 7. Nc3 Nc6 8. d5 Ne5 9. b3 exd5 10. Nxd5 Nxd5 11. Qxd5+ Kh8 12. Bb2 Bf6 13. Qd2 a5 14. Nf4 Ng4 15. Rfd1 a4 16. h3 Bxb2 17. Qxb2 Ne5 18. c5 Qf6 19. Qc3 axb3 20. Nd5 Qf7 21. cxd6 Nc6 22. axb3 Rxa1 23. Rxa1 cxd6 24. Ra8 Be6 1/2-1/2

[Event "ARG Ch U18"]
[Site "Buenos Aires ARG"]
[Date "1994.??.??"]
[Round "7"]
[White "Bonaveri, Agustin"]
[Black "Massenzano, Gerardo"]
[Result "1/2-1/2"]
[WhiteElo "2160"]
[BlackElo "2205"]
[PlyCount "59"]
[EventDate "1994.??.??"]
[Source "www.chesslib.no"]
[SourceDate "2004.05.04"]

1. d4 f5 2. g3 Nf6 3. Bg2 e6 4. Nh3 Be7 5. O-O O-O 6. c4 d6 7. Nc3 c6 8. e4 e5 9. dxe5 dxe5 10. exf5 Bxf5 11. Ng5 Nbd7 12. Qe2 Qe8 13. Nge4 Nxe4 14. Bxe4 Bxe4 15. Nxe4 Nc5 16. Nc3 Bf6 17. Be3 Ne6 18. Ne4 Nd4 19. Bxd4 exd4 20. Qd3 Rd8 21. Rae1 Qf7 22. Nc5 Rfe8 23. Qb3 b6 24. Nd3 b5 25. cxb5 Qxb3 26. axb3 cxb5 27. Rxe8+ Rxe8 28. Re1 Rxe1+ 29. Nxe1 Kf7 30. Kf1 1/2-1/2

[Event "Wisla"]
[Site "Wisla"]
[Date "1995.??.??"]
[Round "?"]
[White "Socko, Monika"]
[Black "Roessler, Ulrike"]
[Result "1-0"]
[WhiteElo "2310"]
[BlackElo "2050"]
[PlyCount "38"]
[EventDate "1995.??.??"]
[Source "www.chesslib.no"]
[SourceDate "2004.05.04"]

1. d4 f5 2. g3 Nf6 3. Bg2 e6 4. Nh3 d6 5. c3 Be7 6. O-O O-O 7. Nd2 Nc6 8. Nf4 Qe8 9. e4 Kh8 10. exf5 exf5 11. h4 Nd8 12. Re1 Qf7 13. Qb3 d5 14. Nf3 c6 15. Ne5 Qe8 16. Neg6+ hxg6 17. Rxe7 Qxe7 18. Nxg6+ Kh7 19. Nxe7 Bd7 1-0

[Event "FSIMA Dec"]
[Site "Budapest HUN"]
[Date "1998.12.09"]
[Round "5"]
[White "Nguyen Thi Thanh An"]
[Black "Pinter, G."]
[Result "1/2-1/2"]
[WhiteElo "2115"]
[BlackElo "2245"]
[PlyCount "119"]
[EventDate "1998.??.??"]
[Source "www.chesslib.no"]
[SourceDate "2004.05.04"]

1. d4 f5 2. g3 Nf6 3. Bg2 e6 4. Nh3 d5 5. O-O c6 6. Nd2 Bd6 7. Nf3 O-O 8. Nf4 b6 9. c3 Ne4 10. Nd3 Nd7 11. Bf4 Be7 12. Nfe5 Bb7 13. Qa4 Nxe5 14. Nxe5 g5 15. Bc1 Qe8 16. f3 Nd6 17. Qb3 Ba6 18. Re1 Nf7 19. Nd3 c5 20. Nf2 cxd4 21. cxd4 Nd6 22. Bd2 Bc4 23. Qd1 Qf7 24. b3 Ba6 25. a4 Qg7 26. Bb4 f4 27. Qd2 Nf5 28. Bxe7 Nxe7 29. e4 Kh8 30. exd5 exd5 31. Re5 Rad8 32. Rc1 Rc8 33. Rce1 Rc7 34. Nh3 fxg3 35. hxg3 h6 36. f4 Ng6 37. Re8 gxf4 38. Nxf4 Nxf4 39. Qxf4 Rcf7 40. Rxf8+ Rxf8 41. Qe5 Bb7 42. b4 Qxe5 43. Rxe5 Rg8 44. Kf2 Rg5 45. Re8+ Rg8 46. Re6 Kh7 47. Rd6 Rg6 48. Rd7+ Rg7 49. Bh3 Bc6 50. Bf5+ Kh8 51. Rd8+ Rg8 52. Rd6 Bxa4 53. Rxh6+ Kg7 54. Rg6+ Kf7 55. Rd6 Ke7 56. Rxd5 Rd8 57. Re5+ Kf6 58. Ke3 Re8 59. Kf4 Rxe5 60. dxe5+ 1/2-1/2

[Event "Moravia-chT 9697"]
[Site "?"]
[Date "1997.??.??"]
[Round "?"]
[White "Gibiec, Ernest"]
[Black "Smistik, Milan"]
[Result "1-0"]
[WhiteElo "2250"]
[BlackElo "2105"]
[PlyCount "108"]
[EventDate "1997.??.??"]
[Source "www.chesslib.no"]
[SourceDate "2004.05.04"]

1. d4 f5 2. g3 Nf6 3. Bg2 e6 4. Nh3 Be7 5. O-O O-O 6. Nd2 d5 7. Nf3 c5 8. c3 Nc6 9. Nf4 Ne4 10. Nd3 Bd7 11. Be3 b6 12. Nfe5 Nxe5 13. Nxe5 Bd6 14. f3 Nf6 15. Bg5 Qc7 16. Rc1 c4 17. Bxf6 gxf6 18. Nxd7 Qxd7 19. f4 b5 20. a3 a5 21. e3 Kh8 22. Kh1 b4 23. axb4 axb4 24. Ra1 b3 25. Qh5 Ra2 26. Rab1 Qf7 27. Qh4 Rg8 28. Bf3 Be7 29. Rg1 e5 30. Qh3 e4 31. Bh5 Qe6 32. g4 Qd7 33. gxf5 Rxg1+ 34. Rxg1 Bf8 35. Bg6 Rxb2 36. Qh5 Ra2 37. Bf7 Bg7 38. Bg6 Bf8 39. Bf7 Bg7 40. Bg6 h6 41. Bf7 Ra7 42. Be6 Qd8 43. Rb1 Qa8 44. Kg2 Re7 45. Qe2 Bf8 46. h4 Qa5 47. Kh2 Ra7 48. Kh3 Bg7 49. Qh5 Re7 50. Rg1 Qd8 51. Rg6 b2 52. Rg1 Rb7 53. Rb1 Rb3 54. Qf7 Rb5 1-0

[Event "POL-chT region"]
[Site "?"]
[Date "1999.??.??"]
[Round "?"]
[White "Kempa Stefan"]
[Black "Dudek Andrzej"]
[Result "0-1"]
[WhiteElo "2137"]
[BlackElo "2215"]
[PlyCount "87"]
[EventDate "1999.??.??"]
[Source "www.chesslib.no"]
[SourceDate "2004.05.04"]

1. d4 f5 2. g3 Nf6 3. Bg2 e6 4. Nh3 Nc6 5. Nc3 Bb4 6. Qd3 O-O 7. O-O Qe7 8. a3 Ba5 9. Na4 Bb6 10. Nxb6 axb6 11. Bd2 d6 12. f4 d5 13. Nf2 Bd7 14. Rfc1 b5 15. Be1 b6 16. Qe3 Rfc8 17. Nd3 Ng4 18. Qf3 Nxd4 19. Qf1 Ne3 20. Qf2 Ndxc2 21. Bf3 Nxa1 22. Qxe3 Nb3 23. Rc2 Qd6 24. Ne5 Na5 25. g4 Nc4 26. Qd3 Nxe5 27. fxe5 Qxe5 28. gxf5 c6 29. fxe6 Bxe6 30. Bg3 Qf6 31. e4 dxe4 32. Bxe4 Rd8 33. Qf3 Qxf3 34. Bxf3 Bd5 35. Bg4 Ra4 36. h3 b4 37. axb4 Rxb4 38. Bc7 Ra8 39. Bd6 Rb3 40. Rd2 h5 41. Bxh5 Rxh3 42. Bg4 Rh6 43. Bd7 Rg6+ 44. Rg2 0-1

[Event "XXIX Politiken Cup"]
[Site "Copenhagen DAN"]
[Date "2007.07.25"]
[Round "6"]
[White "Thomassen, J."]
[Black "Bleis, C."]
[Result "1-0"]
[WhiteElo "2075"]
[BlackElo "2246"]
[PlyCount "49"]
[EventDate "2007.07.21"]
[Source "www.chesslib.no"]
[SourceDate "2004.05.04"]

1. d4 f5 2. g3 Nf6 3. Bg2 e6 4. Nh3 Be7 5. O-O O-O 6. c4 d6 7. Qb3 c6 8. Nc3 Qb6 9. Rd1 Qxb3 10. axb3 Na6 11. Ra4 e5 12. dxe5 dxe5 13. Ra5 Nd7 14. Rxa6 bxa6 15. Bxc6 Rb8 16. Bxd7 Rxb3 17. Ba4 Rb8 18. Nd5 Bc5 19. b4 Bxb4 20. Nxb4 Rxb4 21. Ba3 Rxa4 22. Bxf8 Be6 23. Ng5 Bxc4 24. Rd8 Bd5 25. Be7# 1-0

[Event "First Saturday MI - Ottobre 2007"]
[Site "Budapest UNG"]
[Date "2007.10.07"]
[Round "2"]
[White "Ignacz, Maria"]
[Black "Charpenel, Mauricio"]
[Result "1-0"]
[WhiteElo "2223"]
[BlackElo "2092"]
[PlyCount "68"]
[EventDate "2007.10.06"]
[Source "www.chesslib.no"]
[SourceDate "2004.05.04"]

1. d4 f5 2. g3 Nf6 3. Bg2 e6 4. Nh3 Be7 5. O-O O-O 6. c4 d5 7. Nf4 c6 8. Nd2 Qe8 9. Qc2 g5 10. Nd3 Qh5 11. Nf3 Ne4 12. Nfe5 Nd7 13. f3 Nd6 14. b3 Nf7 15. Nxd7 Bxd7 16. e4 dxe4 17. fxe4 Rae8 18. Bb2 Bf6 19. Rae1 Bc8 20. e5 Be7 21. d5 Bd7 22. Kh1 cxd5 23. cxd5 Rc8 24. Qf2 Bb5 25. Qd4 Rc2 26. Bc1 Rd8 27. d6 Nh6 28. Nb4 Ng4 29. h3 Bxf1 30. Nxc2 Bxg2+ 31. Kxg2 Nh6 32. Qc4 Bf8 33. Qxe6+ Kh8 34. Qf6+ Kg8 1-0

[Event "X Open di Malaga"]
[Site "Campillos SPA"]
[Date "2007.02.25"]
[Round "3"]
[White "Terron Elena, F."]
[Black "Bolle, L."]
[Result "1/2-1/2"]
[WhiteElo "2288"]
[BlackElo "2011"]
[PlyCount "110"]
[EventDate "2007.02.24"]
[Source "www.chesslib.no"]
[SourceDate "2004.05.04"]

1. d4 f5 2. g3 Nf6 3. Bg2 e6 4. Nh3 Be7 5. O-O O-O 6. c4 d6 7. Nf4 e5 8. dxe5 dxe5 9. Nd5 c6 10. Nxe7+ Qxe7 11. b3 Rd8 12. Qc2 Be6 13. Ba3 Qc7 14. Nc3 a5 15. Na4 Na6 16. Nc5 Nxc5 17. Bxc5 Rd7 18. Rfd1 Rad8 19. e3 b6 20. Ba3 c5 21. Bf3 e4 22. Be2 Qc6 23. Bb2 Bf7 24. Rxd7 Rxd7 25. Rd1 Ne8 26. Rd2 Rxd2 27. Qxd2 Qd6 28. Qxd6 Nxd6 29. Be5 Nc8 30. f3 Be6 31. Kf2 Kf7 32. Bd1 Bd7 33. fxe4 fxe4 34. h4 g6 35. g4 Ke6 36. Bc7 Kf6 37. Kg3 h6 38. Kf4 g5+ 39. hxg5+ hxg5+ 40. Kxe4 Bc6+ 41. Kd3 Ke7 42. Kd2 Kd7 43. Be5 Nd6 44. Bxd6 Kxd6 45. Bc2 Ke5 46. Kc3 Bd7 47. Bd1 Ke4 48. Kd2 Be6 49. Bc2+ Ke5 50. Bd1 Ke4 51. Be2 Bd7 52. Bd1 Be6 53. a3 Bd7 54. a4 Be6 55. Bc2+ Ke5 1/2-1/2

[Event "Norderstedt op2"]
[Site "Norderstedt"]
[Date "2000.10.29"]
[Round "2"]
[White "Usachyi, Mark"]
[Black "Bloess, Andre"]
[Result "1/2-1/2"]
[WhiteElo "2191"]
[BlackElo "2107"]
[PlyCount "40"]
[EventDate "2000.11.??"]
[Source "ChessBase"]
[SourceDate "2001.01.11"]

1. d4 f5 2. g3 Nf6 3. Bg2 e6 4. Nh3 d5 5. Nf4 Bd6 6. O-O O-O 7. Nd3 b6 8. Bf4 c6 9. Nd2 Qe7 10. Nf3 Bb7 11. Qc1 c5 12. Bxd6 Qxd6 13. Qf4 Qe7 14. c3 Nc6 15. Nfe5 Rac8 16. Rac1 cxd4 17. Nxc6 Bxc6 18. cxd4 Bb5 19. Rxc8 Rxc8 20. Rc1 Rxc1+ 1/2-1/2

[Event "Monarch Assurance op 11th"]
[Site "Port Erin"]
[Date "2002.10.02"]
[Round "5"]
[White "Blackburn, Jonathan Lb"]
[Black "Goodger, Martyn"]
[Result "1-0"]
[WhiteElo "2158"]
[BlackElo "2133"]
[PlyCount "123"]
[EventDate "2002.09.28"]
[Source "ChessBase"]
[SourceDate "2002.11.06"]

1. d4 f5 2. g3 Nf6 3. Bg2 e6 4. Nh3 d5 5. O-O Bd6 6. c4 c6 7. Bf4 Be7 8. Bg5 O-O 9. Nd2 h6 10. Bxf6 Bxf6 11. e3 g5 12. f4 g4 13. Nf2 h5 14. Nd3 b6 15. Qc2 Bb7 16. b4 Nd7 17. Rab1 Qe7 18. Rfc1 Rfc8 19. Qb3 Kh7 20. cxd5 cxd5 21. b5 a5 22. bxa6 Bxa6 23. Nb4 Bb7 24. Bf1 Qd8 25. Bb5 Be7 26. a4 Rxc1+ 27. Rxc1 Rc8 28. Rc3 Nb8 29. Nd3 Bd6 30. Nb1 h4 31. Nf2 hxg3 32. hxg3 Kg7 33. Nd3 Kg6 34. Na3 Qh8 35. Nf2 Qf8 36. Nc2 Kf6 37. Bf1 Nd7 38. Nd3 Kg7 39. Ndb4 Nb8 40. Na2 Nd7 41. a5 Ra8 42. Bb5 Nf6 43. Bd3 Rxa5 44. Qxb6 Rxa2 45. Qxb7+ Kg6 46. Rc6 Qh8 47. Qb1 Qh3 48. Qxa2 Qxg3+ 49. Kf1 Qf3+ 50. Ke1 g3 51. Kd2 g2 52. Rxd6 g1=Q 53. Rxe6 Qgd1+ 54. Kc3 Qf2 55. Qa6 Qfd2+ 56. Kb2 Q1c1+ 57. Ka2 Kh5 58. Rxf6 Kg4 59. Bxf5+ Kf3 60. Rh6 Qg2 61. Rb6 Qgd2 62. Rb1 1-0

[Event "EYb14"]
[Site "?"]
[Date "2005.09.20"]
[Round "6"]
[White "Demuth Adrien"]
[Black "Narmontas Matas"]
[Result "0-1"]
[WhiteElo "2053"]
[BlackElo "2220"]
[PlyCount "78"]
[EventDate "2005.??.??"]
[Source "www.chesslib.no"]
[SourceDate "2004.05.04"]

1. d4 f5 2. g3 Nf6 3. Bg2 e6 4. Nh3 Be7 5. O-O O-O 6. c4 d6 7. Nc3 c6 8. e4 fxe4 9. Nxe4 Nxe4 10. Bxe4 Nd7 11. Nf4 Nf6 12. Bg2 e5 13. dxe5 dxe5 14. Nd3 Bg4 15. f3 Qd4+ 16. Nf2 Bc5 17. Qxd4 Bxd4 18. Bg5 Be6 19. Rac1 Bxb2 20. Rc2 Bd4 21. Kh1 Bf5 22. Ne4 Nxe4 23. fxe4 Bg4 24. Rxf8+ Rxf8 25. h3 Be6 26. Kh2 h6 27. Be7 Rf7 28. Bb4 c5 29. Be1 Kf8 30. g4 Be3 31. Bh4 g5 32. Be1 Rd7 33. Bc3 Bf4+ 34. Kg1 Bxc4 35. Bxe5 Bxe5 36. Rxc4 Rd2 37. Ra4 a6 38. Bf1 Ke7 39. Rc4 b5 0-1

[Event "Oberliga Nord W9798"]
[Site "Germany"]
[Date "1998.??.??"]
[Round "?"]
[White "Jostes, Marko"]
[Black "Nielsen, Lars"]
[Result "1/2-1/2"]
[WhiteElo "2125"]
[BlackElo "2130"]
[PlyCount "159"]
[EventDate "1997.10.??"]
[Source "www.chesslib.no"]
[SourceDate "2004.05.04"]

1. d4 f5 2. g3 Nf6 3. Bg2 e6 4. Nh3 d5 5. c4 c6 6. b3 Bb4+ 7. Bd2 Bxd2+ 8. Nxd2 O-O 9. O-O Qe7 10. Qc2 Nbd7 11. Nf4 g5 12. Nd3 e5 13. dxe5 Nxe5 14. Nxe5 Qxe5 15. Nf3 Qe4 16. Qxe4 Nxe4 17. cxd5 cxd5 18. Rac1 b6 19. Rc7 Ba6 20. Nd4 Rf7 21. Rfc1 Rxc7 22. Rxc7 Rc8 23. Rxc8+ Bxc8 24. Bh3 g4 25. Bg2 Nc3 26. a3 Kf7 27. Kf1 Kf6 28. Ke1 Bb7 29. Kd2 Ne4+ 30. Bxe4 fxe4 31. e3 a6 32. Kc3 Ke5 33. Kb4 Kd6 34. a4 Bc8 35. a5 b5 36. Ne2 Be6 37. Nf4 Bf7 38. Ng2 Be6 39. Ne1 Bf7 40. Nc2 Be8 41. Kc3 Bd7 42. Kd4 Bc8 43. Ne1 Bd7 44. b4 Be6 45. Ng2 Bg8 46. Nf4 Bf7 47. h3 gxh3 48. Nxh3 Be8 49. Nf4 Bf7 50. Ne2 Be8 51. Nc1 Bd7 52. Nb3 Bg4 53. Nc5 Bc8 54. Nb3 Bg4 55. Kc3 Ke5 56. Nd4 Bd7 57. Kd2 Kd6 58. Ke2 Bg4+ 59. Kf1 Bh3+ 60. Kg1 Bd7 61. Kg2 Bg4 62. Kf1 Bh3+ 63. Ke1 Bg4 64. Kd2 Bd7 65. Nb3 Bc8 66. Nc5 Ke5 67. Kc3 h6 68. Nb3 Bg4 69. Nd4 Bd7 70. Ne2 Be8 71. Nf4 Bf7 72. Ng2 Be8 73. Nh4 Bh5 74. Ng2 Be8 75. Nf4 Bf7 76. Ne2 Be8 77. Nd4 Bd7 78. Kd2 Kf6 79. Ke1 Kg5 80. Kf1 1/2-1/2

[Event "Montreal"]
[Site "?"]
[Date "2003.04.01"]
[Round "8"]
[White "Bolduc Steve"]
[Black "Charbonneau Anne-Marie"]
[Result "1-0"]
[WhiteElo "2258"]
[BlackElo "1993"]
[PlyCount "161"]
[EventDate "2003.??.??"]
[Source "www.chesslib.no"]
[SourceDate "2004.05.04"]

1. d4 f5 2. g3 Nf6 3. Bg2 e6 4. Nh3 d5 5. O-O Be7 6. b3 O-O 7. c4 c6 8. Bb2 Nbd7 9. Nf4 Nb8 10. Nd2 Qe8 11. f3 g5 12. Nd3 g4 13. Nf4 Na6 14. e3 Qf7 15. Qe2 Qg7 16. fxg4 Nxg4 17. Bf3 Bd7 18. e4 Bf6 19. e5 Be7 20. a3 Nc7 21. c5 Be8 22. h3 Nh6 23. Kh1 Kh8 24. Rg1 Rg8 25. Rg2 Qf8 26. Rag1 Bg5 27. Nd3 Bf7 28. Nf1 Qd8 29. Bc1 Nb5 30. Qb2 Qe7 31. a4 Nc7 32. b4 a6 33. Bxg5 Rxg5 34. Nf4 Rag8 35. Be2 Be8 36. Nd2 R5g7 37. Nb3 Qd8 38. Na5 Qc8 39. Qd2 Rf8 40. Qe3 Ng8 41. g4 Ne7 42. g5 Ng6 43. Qf2 Nxf4 44. Qxf4 Na8 45. h4 Qc7 46. Nb3 Qe7 47. Nd2 Nc7 48. Nf1 b5 49. cxb6 Na8 50. a5 Qxb4 51. Qd2 Qa4 52. Nh2 f4 53. Bf3 Bg6 54. Re2 Qb5 55. Rge1 Bf5 56. Rf2 c5 57. dxc5 Qxc5 58. Rc1 Qb5 59. Qc3 Be4 60. Qc5 Qe8 61. Qd6 Rd7 62. Qc6 Qf7 63. Bxe4 dxe4 64. Qxe4 Rd5 65. Qxf4 Qxf4 66. Rxf4 Rxf4 67. b7 Rd8 68. Rc8 Rff8 69. bxa8=Q Rxc8 70. Qxa6 Rc1+ 71. Kg2 Rc2+ 72. Kg3 Rc3+ 73. Kg4 Rb3 74. Qxe6 Rb4+ 75. Kg3 Ra4 76. Qe7 Ra8 77. Qf6+ Kg8 78. Ng4 Ra3+ 79. Kf4 h5 80. Qg6+ Kf8 81. Qd6+ 1-0